000 00631nam a2200217Ia 4500
005 20250923150015.0
008 008 250917s9999 xx 000 0 eng d
037 _aTextual
040 _aDSWL
_beng
_cDSWL
041 _aeng
_2eng
084 _aY11:40a2, N96
_qDSWL
100 _aKumar, K.
_9841220
245 0 _aOffences against children : socio-legel perspectives
_c by K. Kumar
260 _aNew Delhi
_bRegency Publications
_c1996
300 _axii,146 p.
365 _aINR
_b175.00
700 _a Rani Punam
_9841221
925 _g175.00
942 _cTEXL
_hY11:40a2, N96
999 _c1458425
_d1458425